Estructuras de matemáticas discretas para la computación (Registro nro. 7189)
[ vista simple ]
| 000 -CABECERA | |
|---|---|
| campo de control de longitud fija | 00592atm a2200205 4500 |
| 005 - FECHA Y HORA DE ACTUALIZACIÓN | |
| campo de control | 20230531153359.0 |
| 008 - LONGITUD FIJA | |
| campo de control de longitud fija | 150825b1997 xxu||||| |||| 00| | spa d |
| 041 ## - IDIOMA | |
| Código de idioma del texto/pista de sonido o título separado | Español |
| 082 ## - CLASIFICACIÓN DECIMAL DEWEY | |
| Número de clasificación | 004.015.1 K81e3 |
| 100 ## - AUTOR PERSONAL | |
| Nombre de persona | Kolman, Bernard |
| 100 ## - AUTOR PERSONAL | |
| Nombre de persona | Busby, Robert |
| 100 ## - AUTOR PERSONAL | |
| Nombre de persona | Ross, Sharon |
| 245 ## - TÍTULO PROPIAMENTE DICHO | |
| Título | Estructuras de matemáticas discretas para la computación |
| 250 ## - EDICIÓN | |
| Mención de edición | 3 edición |
| 260 ## - PIE DE IMPRENTA | |
| Lugar de publicación, distribución, etc. | México |
| Nombre del editor, distribuidor, etc. | Prentice-Hall |
| Fecha de publicación, distribución, etc. | 1997 |
| 300 ## - DESCRIPCIÓN FÍSICA | |
| Extensión | 524 páginas |
| 650 ## - Materia General | |
| Materia general | MATEMÁTICA PARA COMPUTACIÓN |
| 650 ## - Materia General | |
| Materia general | MATEMÁTICA DISCRETA |
| 942 ## - Punto de Acceso Adicional Koha | |
| Tipo de ítem Koha | Libro |
| Estado perdido | Estado dañado | No para préstamo | Biblioteca permanente | Biblioteca actual | Signatura completa | Código de barras | Precio efectivo a partir del | Tipo de ítem |
|---|---|---|---|---|---|---|---|---|
| Departamento de Biblioteca y Documentación Alfonso Chase Brenes | Departamento de Biblioteca y Documentación Alfonso Chase Brenes | 004.015.1 K81e3 | 4372 | 10/08/2016 | Libro | |||
| Departamento de Biblioteca y Documentación Alfonso Chase Brenes | Departamento de Biblioteca y Documentación Alfonso Chase Brenes | 004.015.1 K81e3 | 4373 | 10/08/2016 | Libro | |||
| Departamento de Biblioteca y Documentación Alfonso Chase Brenes | Departamento de Biblioteca y Documentación Alfonso Chase Brenes | 004.015.1 K81e3 | 4060 | 10/08/2016 | Libro |